000 01631nam a22002537a 4500
003 Uzh_bibl
008 260409b |||||||| |||| 00| 0 ukr d
020 _c0.85
040 _aукр.
041 _2ukr
_aukr
080 _a821(477)
090 _a821(477)
_bП 52
100 _aПоложій, Віктор
245 _aМаленькі подорожі
_hТекст
260 _aКиїв
_bМолодь
_c1983
300 _a200 с.
_fВ опр.
520 _aГерої чотирьох повістей, збраних під однією обкладинкою, в різні часи, за різних умов прагнуть відшукати ті єдино вірні критерії оцінки власної поведінки, які гідні високого звання людини. Повісті: Відпустка з відвідинами близьких; Жив-був Іван; Розшарування; М'яч.
521 _aДля широкого кола читачів
546 _aукр.
650 _aЛітературно-художнє видання
_yУ другій половині ХХ століття — в сучасний авторові період (1970–1980-ті роки)
_zПодії розгортаються в різних куточках України (переважно сільська місцевість і невеликі міста)
653 _aПодорож
_aПрирода
_aВраження
_aЛюди
_aСпостереження
655 _aОповідання, подорожні нариси
_vПовісті
942 _2udc
_cBK
999 _c17294
_d17294